000 00503nam a2200181Ia 4500
003 GCL
008 140319s9999 xx 000 0 ara d
040 _aGCL /
_cGCL
082 0 4 _a813.009
_bر ف
100 1 _aرشاد رشدى
245 1 0 _aفن القصة القصيرة /
_cرشاد رشدى
260 _a[S.N] :
_bالمكتب المصرى الحديث ،
_c1982
300 _a176 ص
490 _a
650 0 4 _aالقصص القصيرة
650 0 4 _aتاريخ ونقد
942 _2ddc
_cBK
999 _c53325
_d53325